Dynamic water-system control : (Record no. 547948)
[ view plain ]
| 000 -LEADER | |
|---|---|
| fixed length control field | 00806cam a2200205 a 4500 |
| 020 ## - INTERNATIONAL STANDARD BOOK NUMBER | |
| International Standard Book Number | 9054104317 |
| 082 00 - DEWEY DECIMAL CLASSIFICATION NUMBER | |
| Classification number | 628.1 |
| Author Mark | lob |
| -- | d |
| 100 1# - MAIN ENTRY--PERSONAL NAME | |
| Personal name | Lobbrecht, Arnold H. |
| 9 (RLIN) | 44122 |
| 245 10 - TITLE STATEMENT | |
| Title | Dynamic water-system control : |
| Remainder of title | design and operation of regional water-resources systems / |
| Statement of responsibility, etc. | Arnold H. Lobbrecht. |
| 260 ## - PUBLICATION, DISTRIBUTION, ETC. | |
| Place of publication, distribution, etc. | Rotterdam ; |
| -- | Brookfield, VT : |
| Name of publisher, distributor, etc. | Balkema, |
| Date of publication, distribution, etc. | 1997. |
| 300 ## - PHYSICAL DESCRIPTION | |
| Extent | xx, 315 p. : |
| Other physical details | ill., maps ; |
| Dimensions | 25 cm. |
| 526 ## - STUDY PROGRAM INFORMATION NOTE | |
| Program name | 0 |
| Interest level | 0 |
| Reading level | 0 |
| Title point value | 628_100000000000000_LOB |
| 650 #0 - SUBJECT ADDED ENTRY--TOPICAL TERM | |
| Topical term or geographic name entry element | D |
| 9 (RLIN) | 6527 |
| 650 #0 - SUBJECT ADDED ENTRY--TOPICAL TERM | |
| Topical term or geographic name entry element | Hydrology |
| Geographic subdivision | Netherlands. |
| 9 (RLIN) | 44123 |
| 650 #0 - SUBJECT ADDED ENTRY--TOPICAL TERM | |
| Topical term or geographic name entry element | Water conservation |
| Geographic subdivision | Netherlands. |
| 9 (RLIN) | 44124 |
| 650 #0 - SUBJECT ADDED ENTRY--TOPICAL TERM | |
| Topical term or geographic name entry element | Water quality management |
| Geographic subdivision | Netherlands. |
| 9 (RLIN) | 44125 |
| 650 #0 - SUBJECT ADDED ENTRY--TOPICAL TERM | |
| Topical term or geographic name entry element | Water resources development |
| Geographic subdivision | Netherlands. |
| 9 (RLIN) | 44126 |
| 856 42 - ELECTRONIC LOCATION AND ACCESS | |
| Uniform Resource Identifier | <a href="http://www.loc.gov/catdir/enhancements/fy0916/99496422-d.html">http://www.loc.gov/catdir/enhancements/fy0916/99496422-d.html</a> |
| 942 ## - ADDED ENTRY ELEMENTS (KOHA) | |
| Source of classification or shelving scheme | |
| Koha item type | Book |
| Withdrawn status | Lost status | Source of classification or shelving scheme | Damaged status | Not for loan | Permanent Location | Current Location | Date acquired | Total Checkouts | Full call number | Barcode | Date last seen | Date last checked out | Price effective from | Koha item type |
|---|---|---|---|---|---|---|---|---|---|---|---|---|---|---|
| Military College of Engineering (MCE) | Military College of Engineering (MCE) | 08/13/2014 | 1 | 628.1 lob | MCE-44294 | 11/14/2014 | 10/10/2014 | 08/13/2014 | Book |
